000 00343nam a2200145Ia 4500
003 OSt
005 20240306101442.0
008 170523s9999 xx 000 0 und d
020 _a978-8120345867
040 _ciimtu meerut
100 _aSHARAN- V
245 0 _aINTERNATIONAL FINANCIAL MANAGEMENT
260 _bNEW DELHI PHI
942 _2ddc
_c02
999 _c970
_d970